000 00620nam a2200229Ia 4500
003 OSt
005 20221007080758.0
006 a|||||r|||| 00| 0
007 ta
008 221006b |||||||| |||| 00| 0 eng d
024 _a28,891
037 _cTextual
040 _aFLL
_cFLL
_beng
041 _2eng
_aeng
082 _aZ73:AoXo54, H3
100 _aDomke Martin
_9313574
245 0 _aTrading with the enemy in world war II
260 _aNew York
_bCentral Book Company New
_c1943
300 _axv,640p
_ccm.
942 _hZ73:AoXo54, H3
_cTEXL
_2CC
999 _c1160859
_d1160859